书目信息 |
| 题名: |
经济发展和民主化
|
|
| 作者: | 苏绍智 著 | |
| 分册: | ||
| 出版信息: | 北京 中国社会科学出版社 1982 |
|
| 页数: | 58页 | |
| 开本: | 21cm | |
| 丛书名: | ||
| 单 册: | ||
| 中图分类: | F120.2 | |
| 科图分类: | ||
| 主题词: | 社会主义经济-经济理论--中国 , 经济理论-社会主义经济--中国 | |
| 电子资源: | ||
| ISBN: | ||
| 000 | 00659nam0 2200241 45 | |
| 001 | 0182008814 | |
| 005 | 20060801150611.34 | |
| 010 | @dCNY0.27 | |
| 091 | @aCN@b4190.147 | |
| 100 | @a19950426d1982 em y0chiy0121 ea | |
| 101 | 0 | @achi |
| 102 | @aCN@b110000 | |
| 105 | @ay z 000yy | |
| 200 | 10 | @a经济发展和民主化@Ajing ji fa zhan he min zhu hua@f苏绍智著 |
| 210 | @a北京@c中国社会科学出版社@d1982 | |
| 215 | @a58页@d21cm | |
| 606 | @a社会主义经济-经济理论@y中国 | |
| 606 | @a经济理论-社会主义经济@y中国 | |
| 690 | @aF120.2@v3 | |
| 701 | 0 | @a苏绍智@Asu shao zhi@4著 |
| 801 | 2 | @aCN@bNLC@c20060801 |
| 801 | 0 | @aCN@bTSSF |
| 905 | @a10447@dF120.2@e147 | |
| 经济发展和民主化/苏绍智著.-北京:中国社会科学出版社,1982 |
| 58页;21cm |
| ISBN :CNY0.27 |
| ● |
| 相关链接 |
|
|
|
|
正题名:经济发展和民主化
索取号:F120.2/147
 
预约/预借
| 序号 | 登录号 | 条形码 | 馆藏地/架位号 | 状态 | 备注 |
| 1 | 0441254 | 204412545 | 密集书库/ [索取号:F120.2/147] | 在馆 |